CRM - súbor nástrojov na podporu marketingu, predaja a zákazníckeho servisu
Vzhľadom na situáciu na trhu je nevyhnutná zmena orientácie na produkt, na orientáciu na zákazníka. CRM systém zabezpečuje integráciu týchto prvkov a činností: predaj a distribúcia, marketing, servis, plánovanie zdrojov firmy či spoločnosti, riadiace funkcie cez automatizáciu obchodných procesov, in...
Salvato in:
| Autore principale: | |
|---|---|
| Natura: | Capitolo di libro |
| Lingua: | slovacco |
| Soggetti: | |
| Tags: |
Nessun Tag, puoi essere il primo ad aggiungerne!!
|
MARC
| LEADER | 00000nla$a2200000$$$4500 | ||
|---|---|---|---|
| 001 | 0147239 | ||
| 005 | 20240502072647.3 | ||
| 041 | 0 | |a slo | |
| 044 | |a SK | ||
| 245 | 1 | 0 | |a CRM - súbor nástrojov na podporu marketingu, predaja a zákazníckeho servisu |c Magdaléna Cárachová |
| 520 | |a Vzhľadom na situáciu na trhu je nevyhnutná zmena orientácie na produkt, na orientáciu na zákazníka. CRM systém zabezpečuje integráciu týchto prvkov a činností: predaj a distribúcia, marketing, servis, plánovanie zdrojov firmy či spoločnosti, riadiace funkcie cez automatizáciu obchodných procesov, informačné zdroje a technologické riešenia, ktoré znamenajú súbor vysoko kvalitných vzťahov so všetkými zákazníkmi. Systém CRM, stavebné bloky CRM. | ||
| 610 | 2 | 0 | |a riadenie vzťahov so zákazníkmi |
| 610 | 2 | 0 | |a systém CRM |
| 100 | 1 | |a Cárachová, Magdaléna | |